Sports Quiz

Random Sports or NFL Quiz

NFL Super Bowl MVPs by Picture Quiz Stats

 Plays Quiz Updated Feb 7, 2021

Support Sporcle.
Go Orange.
Score 0/47 Timer 07:00
10 Plays Today
MVP % Correct
Eli Manning (x2)
95.5%
Peyton Manning
95.3%
Drew Brees
91.8%
Tom Brady (x5)
91.5%
Aaron Rodgers
91.3%
Joe Montana (x3)
90.1%
Patrick Mahomes
88.8%
John Elway
88.7%
Joe Flacco
87.9%
Ray Lewis
87.4%
Jerry Rice
84.8%
Emmitt Smith
84.5%
Nick Foles
84.3%
Steve Young
83.7%
Joe Namath
83%
Kurt Warner
82.8%
Hines Ward
81.8%
Troy Aikman
81.4%
Malcolm Smith
80.9%
Bart Starr (x2)
79.3%
Julian Edelman
78.1%
Terry Bradshaw (x2)
77%
Von Miller
71.8%
Terrell Davis
69.9%
MVP % Correct
Phil Simms
67.6%
Franco Harris
63.2%
Roger Staubach
59.6%
Deion Branch
58.4%
Lynn Swann
51.8%
Marcus Allen
50.9%
Doug Williams
50%
Desmond Howard
43.1%
Santonio Holmes
42.7%
Jim Plunkett
41.7%
Len Dawson
41.4%
Larry Csonka
41.2%
Mark Rypien
39.8%
Richard Dent
35.3%
John Riggins
33.7%
Larry Brown
31.4%
Ottis Anderson
29.2%
Randy White
28.6%
Dexter Jackson
27.8%
Fred Biletnikoff
19%
Harvey Martin
14.8%
Chuck Howley
14%
Jake Scott
12.2%

You're not logged in!

Compare scores with friends on all Sporcle quizzes.
OR
Log In
Forgot?

From the Vault

Remove Ads.
Support Sporcle.
Get the best of Sporcle when you Go Orange. This ad-free experience offers more features, more stats, and more fun while also helping to support Sporcle. Thank you for becoming a member.

Show Comments

Extras

Top Quizzes Today


Score Distribution

Your Account Isn't Verified!

In order to create a playlist on Sporcle, you need to verify the email address you used during registration. Go to your Sporcle Settings to finish the process.

Report this User

Report this user for behavior that violates our Community Guidelines.

Details: